<?xml version="1.0" encoding="UTF-8"?>
<record
    xmlns:xsi="http://www.w3.org/2001/XMLSchema-instance"
    xsi:schemaLocation="http://www.loc.gov/MARC21/slim http://www.loc.gov/standards/marcxml/schema/MARC21slim.xsd"
    xmlns="http://www.loc.gov/MARC21/slim">

  <leader>01358nam a2200205 a 4500</leader>
  <controlfield tag="008">161215e2005    ag  |||g |||| 00| f spa d</controlfield>
  <datafield tag="020" ind1=" " ind2=" ">
    <subfield code="a">9789561317000</subfield>
  </datafield>
  <datafield tag="041" ind1=" " ind2=" ">
    <subfield code="a">spa</subfield>
  </datafield>
  <datafield tag="092" ind1=" " ind2=" ">
    <subfield code="c">808.8</subfield>
    <subfield code="l">81</subfield>
    <subfield code="s">STE</subfield>
  </datafield>
  <datafield tag="100" ind1="1" ind2=" ">
    <subfield code="a">Stevenson, R. L.</subfield>
    <subfield code="9">3213</subfield>
  </datafield>
  <datafield tag="245" ind1="3" ind2=" ">
    <subfield code="a">La isla del tesoro /</subfield>
    <subfield code="c">R. L. Stevenson</subfield>
  </datafield>
  <datafield tag="250" ind1=" " ind2=" ">
    <subfield code="a">1a ed. 1ra reimp.</subfield>
    <subfield code="b">Texto abreviado de Gisela Silva Encina</subfield>
  </datafield>
  <datafield tag="260" ind1=" " ind2=" ">
    <subfield code="a">Santiago de Chile [Chile]:</subfield>
    <subfield code="b">Andr&#xE9;s Bello;</subfield>
    <subfield code="c">2005.</subfield>
  </datafield>
  <datafield tag="300" ind1=" " ind2=" ">
    <subfield code="a">251 p.</subfield>
  </datafield>
  <datafield tag="500" ind1=" " ind2=" ">
    <subfield code="a">Stevenson, R. L. (2005). La isla del tesoro. (1a ed.). Santiago de Chile : Andr&#xE9;s Bello.</subfield>
  </datafield>
  <datafield tag="505" ind1=" " ind2=" ">
    <subfield code="a">Hasta la posada Almirante Benbow llega un extra&#xF1;o marinero al que persiguen otros individuos de mala catadura. Todos buscan adue&#xF1;arse de una plano misterioso, que ser&#xE1; el origen de una aventurada expedici&#xF3;n hacia la isla del tesoro...Un viaje que muy pronto se convierte en una lucha casi desesperada, en que el joven protagonista sobresale como un h&#xE9;roe. Esta obra de Stevenson es un cl&#xE1;sico de la literatura juvenil y conserva hasta hoy actualidad e inter&#xE9;s. La trama, novelesca y llena de intriga y aventuras, est&#xE1; basada en la realidad hist&#xF3;rica de lo que fue la pirater&#xED;a mar&#xED;tima, con sus fabulosos tesoros, sus cr&#xED;menes y misteriosas hermandades. </subfield>
  </datafield>
  <datafield tag="590" ind1=" " ind2=" ">
    <subfield code="a">Proyecto 4to libro. Donaci&#xF3;n Cabanne, Julia. Mayo 2019</subfield>
  </datafield>
  <datafield tag="655" ind1=" " ind2=" ">
    <subfield code="a">Novela</subfield>
    <subfield code="9">3091</subfield>
  </datafield>
  <datafield tag="942" ind1=" " ind2=" ">
    <subfield code="2">ddc</subfield>
    <subfield code="c">LIT</subfield>
  </datafield>
  <datafield tag="999" ind1=" " ind2=" ">
    <subfield code="c">2996</subfield>
    <subfield code="d">2996</subfield>
  </datafield>
  <datafield tag="952" ind1=" " ind2=" ">
    <subfield code="0">0</subfield>
    <subfield code="1">0</subfield>
    <subfield code="2">ddc</subfield>
    <subfield code="4">0</subfield>
    <subfield code="7">0</subfield>
    <subfield code="a">BFM</subfield>
    <subfield code="b">BFM</subfield>
    <subfield code="c">CR</subfield>
    <subfield code="d">2019-05-31</subfield>
    <subfield code="e">Donaci&#xF3;n Cabanne, Julia. Mayo 2019</subfield>
    <subfield code="l">1</subfield>
    <subfield code="o">808.8 81 STE</subfield>
    <subfield code="p">4432</subfield>
    <subfield code="r">2019-06-21</subfield>
    <subfield code="s">2019-06-10</subfield>
    <subfield code="t">Ej. 1</subfield>
    <subfield code="w">2019-05-31</subfield>
    <subfield code="y">LIT</subfield>
    <subfield code="z">Proyecto 4to libro. Donaci&#xF3;n Cabanne, Julia. Mayo 2019</subfield>
  </datafield>
</record>
